COMPARISION OF DIFFERENT RATES OF UREA FERTILTZER ON GROWTH AND YIELD ON PAK CHOY (Brassica chinensis) ការប្រៀបធៀបកម្រិតជីអ៊ុយរ៉េខុសៗគ្នាទៅលើការលូតលាស់ និងទិន្នផលដំណាំស្ពៃតឿ (Record no. 22727)

000 -LEADER
fixed length control field 00702nam a22001337a 4500
040 ## - CATALOGING SOURCE
Transcribing agency RUA
082 ## - DEWEY DECIMAL CLASSIFICATION NUMBER
Classification number AGR PHE 2021 B1-570 Or.
100 ## - MAIN ENTRY--AUTHOR NAME
Personal name PHEN CHANDARA ផែន ចន្ទដារា
245 ## - TITLE STATEMENT
Title COMPARISION OF DIFFERENT RATES OF UREA FERTILTZER ON GROWTH AND YIELD ON PAK CHOY (Brassica chinensis) ការប្រៀបធៀបកម្រិតជីអ៊ុយរ៉េខុសៗគ្នាទៅលើការលូតលាស់ និងទិន្នផលដំណាំស្ពៃតឿ
260 ## - PUBLICATION, DISTRIBUTION, ETC. (IMPRINT)
Place of publication PHNOM PENH
Name of publisher RUA
Year of publication 2021
300 ## - PHYSICAL DESCRIPTION
Number of Pages VIII. 35P
Other physical details VI.
Dimensions 29CM
856 ## - ELECTRONIC LOCATION AND ACCESS
Uniform Resource Identifier https://drive.google.com/file/d/1xnO7cNj3U4Ml8iTJKqqxUdf-8JTAoeWJ/view?usp=sharing
942 ## - ADDED ENTRY ELEMENTS (KOHA)
Koha item type AGR
952 ## - LOCATION AND ITEM INFORMATION (KOHA)
Withdrawn status [LOCAL, KOHA] 0
952 ## - LOCATION AND ITEM INFORMATION (KOHA)
Withdrawn status [LOCAL, KOHA] 0
952 ## - LOCATION AND ITEM INFORMATION (KOHA)
Withdrawn status [LOCAL, KOHA] 0
952 ## - LOCATION AND ITEM INFORMATION (KOHA)
Withdrawn status [LOCAL, KOHA] 0
Holdings
Permanent Location Date acquired Koha item type Lost status Shelving location Barcode Current Location Full call number
Library Block B2024-03-28AGR B1.570a078865Library Block BAGR PHE 2021 B1-570 Or.
Library Block B2024-03-28AGR B1.570a078533Library Block BAGR PHE 2021 B1-570 Or.
Library Block B2024-03-28AGR B1.570a078593Library Block BAGR PHE 2021 B1-570 Or.
Library Block B2024-03-28AGR B1.570a078749Library Block BAGR PHE 2021 B1-570 Or.
មជ្ឈមណ្ឌលឯការនៃសាកលវិទ្យាល័យភូមិន្ទកសិកម្មចំការដូង

Powered by Koha